<?xml version="1.0" encoding="UTF-8"?>
<marc:record xmlns:marc="http://www.loc.gov/MARC21/slim" type="Bibliographic">
   <marc:leader>00000pam a2200000 c 4500</marc:leader>
   <marc:controlfield tag="001">972829652</marc:controlfield>
   <marc:controlfield tag="003">DE-101</marc:controlfield>
   <marc:controlfield tag="005">20171203171844.0</marc:controlfield>
   <marc:controlfield tag="007">tu</marc:controlfield>
   <marc:controlfield tag="008">041124s2005    gw ||||| |||| 00||||ger  </marc:controlfield>
   <marc:datafield ind1=" " ind2=" " tag="015">
      <marc:subfield code="a">05,A13,2471</marc:subfield>
      <marc:subfield code="z">04,N51,2729</marc:subfield>
      <marc:subfield code="2">dnb</marc:subfield>
   </marc:datafield>
   <marc:datafield ind1="7" ind2=" " tag="016">
      <marc:subfield code="2">DE-101</marc:subfield>
      <marc:subfield code="a">972829652</marc:subfield>
   </marc:datafield>
   <marc:datafield ind1=" " ind2=" " tag="020">
      <marc:subfield code="a">9783895651601</marc:subfield>
      <marc:subfield code="c">Pp. : EUR 12.80</marc:subfield>
      <marc:subfield code="9">978-3-89565-160-1</marc:subfield>
   </marc:datafield>
   <marc:datafield ind1=" " ind2=" " tag="020">
      <marc:subfield code="a">3895651605</marc:subfield>
      <marc:subfield code="c">Pp. : EUR 12.80</marc:subfield>
      <marc:subfield code="9">3-89565-160-5</marc:subfield>
   </marc:datafield>
   <marc:datafield ind1="3" ind2=" " tag="024">
      <marc:subfield code="a">9783895651601</marc:subfield>
   </marc:datafield>
   <marc:datafield ind1="8" ind2=" " tag="024">
      <marc:subfield code="a">sw025488</marc:subfield>
   </marc:datafield>
   <marc:datafield ind1=" " ind2=" " tag="035">
      <marc:subfield code="a">(DE-599)DNB972829652</marc:subfield>
   </marc:datafield>
   <marc:datafield ind1=" " ind2=" " tag="035">
      <marc:subfield code="a">(OCoLC)76579732</marc:subfield>
   </marc:datafield>
   <marc:datafield ind1=" " ind2=" " tag="040">
      <marc:subfield code="a">1245</marc:subfield>
      <marc:subfield code="b">ger</marc:subfield>
      <marc:subfield code="c">DE-101</marc:subfield>
      <marc:subfield code="d">9999</marc:subfield>
   </marc:datafield>
   <marc:datafield ind1=" " ind2=" " tag="041">
      <marc:subfield code="a">ger</marc:subfield>
      <marc:subfield code="h">jpn</marc:subfield>
   </marc:datafield>
   <marc:datafield ind1=" " ind2=" " tag="044">
      <marc:subfield code="c">XA-DE-HE</marc:subfield>
      <marc:subfield code="c">XA-DE</marc:subfield>
   </marc:datafield>
   <marc:datafield ind1="7" ind2="4" tag="082">
      <marc:subfield code="a">K</marc:subfield>
      <marc:subfield code="q">DE-101</marc:subfield>
      <marc:subfield code="2">22sdnb</marc:subfield>
   </marc:datafield>
   <marc:datafield ind1=" " ind2=" " tag="090">
      <marc:subfield code="a">b</marc:subfield>
   </marc:datafield>
   <marc:datafield ind1="1" ind2=" " tag="100">
      <marc:subfield code="0">(DE-588)129789674</marc:subfield>
      <marc:subfield code="0">http://d-nb.info/gnd/129789674</marc:subfield>
      <marc:subfield code="0">(DE-101)129789674</marc:subfield>
      <marc:subfield code="a">Sakai, Komako</marc:subfield>
      <marc:subfield code="d">1966-</marc:subfield>
      <marc:subfield code="e">Verfasser</marc:subfield>
      <marc:subfield code="4">aut</marc:subfield>
      <marc:subfield code="e">Buchgestalter</marc:subfield>
      <marc:subfield code="4">bkd</marc:subfield>
   </marc:datafield>
   <marc:datafield ind1="0" ind2="0" tag="245">
      <marc:subfield code="a">Mama, ich mag dich ...</marc:subfield>
      <marc:subfield code="c">Komako Sakai. Aus dem Japan. von Ursula Gräfe</marc:subfield>
   </marc:datafield>
   <marc:datafield ind1=" " ind2="1" tag="264">
      <marc:subfield code="a">Frankfurt am Main</marc:subfield>
      <marc:subfield code="b">Moritz-Verl.</marc:subfield>
      <marc:subfield code="c">2005</marc:subfield>
   </marc:datafield>
   <marc:datafield ind1=" " ind2=" " tag="300">
      <marc:subfield code="a">[32] S.</marc:subfield>
      <marc:subfield code="b">überw. Ill.</marc:subfield>
      <marc:subfield code="c">27 cm</marc:subfield>
   </marc:datafield>
   <marc:datafield ind1=" " ind2=" " tag="336">
      <marc:subfield code="a">unbewegtes Bild</marc:subfield>
      <marc:subfield code="b">sti</marc:subfield>
      <marc:subfield code="2">rdacontent</marc:subfield>
   </marc:datafield>
   <marc:datafield ind1=" " ind2=" " tag="337">
      <marc:subfield code="a">ohne Hilfsmittel zu benutzen</marc:subfield>
      <marc:subfield code="b">n</marc:subfield>
      <marc:subfield code="2">rdamedia</marc:subfield>
   </marc:datafield>
   <marc:datafield ind1=" " ind2=" " tag="338">
      <marc:subfield code="a">Band</marc:subfield>
      <marc:subfield code="b">nc</marc:subfield>
      <marc:subfield code="2">rdacarrier</marc:subfield>
   </marc:datafield>
   <marc:datafield ind1=" " ind2=" " tag="385">
      <marc:subfield code="0">(DE-588)4064017-6</marc:subfield>
      <marc:subfield code="0">http://d-nb.info/gnd/4064017-6</marc:subfield>
      <marc:subfield code="0">(DE-101)040640175</marc:subfield>
      <marc:subfield code="a">Vorschulkind</marc:subfield>
      <marc:subfield code="2">gnd</marc:subfield>
   </marc:datafield>
   <marc:datafield ind1=" " ind2=" " tag="520">
      <marc:subfield code="a">Das deutsche Debut einer japanischen Illustratorin: Eine Ödipus-Geschichte um einen kleinen Hasen, der sich von seiner Mama ziemlich vernachlässigt fühlt. Mit leichter Hand zeichnet und erzählt die japanische Illustratorin Komako Sakai eine kleine, aber tief gehende Geschichte, die sich einzig daheim bei Hasenmama und Hasensohn abspielt: Hasensohn grummelt und grummelt, weil er sich von Mama vernachlässigt fühlt. Kein Wunder, sonntags schläft Mama immer so lange, guckt ständig ihre blöden Serien und ist ungeduldig, wenn er mal Wichtiges zu tun hat. Nur für ihre Freundinnen hat sie Zeit. Und außerdem - außerdem sagt sie, sie könne ihn nicht heiraten. Nicht mal, wenn er richtig groß ist. So beschließt der Sohn, die Mama zu verlassen! Doch kaum ist er aus der Tür, muss er wieder zurück, hat er doch seinen Ball vergessen ...</marc:subfield>
   </marc:datafield>
   <marc:datafield ind1=" " ind2="7" tag="650">
      <marc:subfield code="0">(DE-588)4320687-6</marc:subfield>
      <marc:subfield code="0">http://d-nb.info/gnd/4320687-6</marc:subfield>
      <marc:subfield code="0">(DE-101)043206875</marc:subfield>
      <marc:subfield code="a">Hase</marc:subfield>
      <marc:subfield code="2">gnd</marc:subfield>
   </marc:datafield>
   <marc:datafield ind1=" " ind2="7" tag="650">
      <marc:subfield code="0">(DE-588)4029031-1</marc:subfield>
      <marc:subfield code="0">http://d-nb.info/gnd/4029031-1</marc:subfield>
      <marc:subfield code="0">(DE-101)04029031X</marc:subfield>
      <marc:subfield code="a">Jungtiere</marc:subfield>
      <marc:subfield code="2">gnd</marc:subfield>
   </marc:datafield>
   <marc:datafield ind1=" " ind2="7" tag="650">
      <marc:subfield code="0">(DE-588)4040949-1</marc:subfield>
      <marc:subfield code="0">http://d-nb.info/gnd/4040949-1</marc:subfield>
      <marc:subfield code="0">(DE-101)04040949X</marc:subfield>
      <marc:subfield code="a">Mutter</marc:subfield>
      <marc:subfield code="2">gnd</marc:subfield>
   </marc:datafield>
   <marc:datafield ind1=" " ind2=" " tag="653">
      <marc:subfield code="a">(VLB-PF)BB: Gebunden</marc:subfield>
   </marc:datafield>
   <marc:datafield ind1=" " ind2=" " tag="653">
      <marc:subfield code="a">(VLB-WI)1: Hardcover, Softcover, Karte</marc:subfield>
   </marc:datafield>
   <marc:datafield ind1=" " ind2=" " tag="653">
      <marc:subfield code="a">(VLB-WG)210: Kinderbuch, Jugendbuch / Bilderbücher</marc:subfield>
   </marc:datafield>
   <marc:datafield ind1=" " ind2="7" tag="655">
      <marc:subfield code="0">(DE-588)4006604-6</marc:subfield>
      <marc:subfield code="0">http://d-nb.info/gnd/4006604-6</marc:subfield>
      <marc:subfield code="0">(DE-101)040066045</marc:subfield>
      <marc:subfield code="a">Bilderbuch</marc:subfield>
      <marc:subfield code="2">gnd-content</marc:subfield>
   </marc:datafield>
   <marc:datafield ind1=" " ind2="7" tag="655">
      <marc:subfield code="a">Bilderbuch</marc:subfield>
      <marc:subfield code="2">gnd</marc:subfield>
   </marc:datafield>
   <marc:datafield ind1="0" ind2="0" tag="689">
      <marc:subfield code="0">(DE-588)4320687-6</marc:subfield>
      <marc:subfield code="0">http://d-nb.info/gnd/4320687-6</marc:subfield>
      <marc:subfield code="0">(DE-101)043206875</marc:subfield>
      <marc:subfield code="D">s</marc:subfield>
      <marc:subfield code="a">Hase</marc:subfield>
   </marc:datafield>
   <marc:datafield ind1="0" ind2="1" tag="689">
      <marc:subfield code="0">(DE-588)4029031-1</marc:subfield>
      <marc:subfield code="0">http://d-nb.info/gnd/4029031-1</marc:subfield>
      <marc:subfield code="0">(DE-101)04029031X</marc:subfield>
      <marc:subfield code="D">s</marc:subfield>
      <marc:subfield code="a">Jungtiere</marc:subfield>
   </marc:datafield>
   <marc:datafield ind1="0" ind2="2" tag="689">
      <marc:subfield code="0">(DE-588)4040949-1</marc:subfield>
      <marc:subfield code="0">http://d-nb.info/gnd/4040949-1</marc:subfield>
      <marc:subfield code="0">(DE-101)04040949X</marc:subfield>
      <marc:subfield code="D">s</marc:subfield>
      <marc:subfield code="a">Mutter</marc:subfield>
   </marc:datafield>
   <marc:datafield ind1="0" ind2="3" tag="689">
      <marc:subfield code="A">f</marc:subfield>
      <marc:subfield code="a">Bilderbuch</marc:subfield>
   </marc:datafield>
   <marc:datafield ind1="0" ind2=" " tag="689">
      <marc:subfield code="5">DE-101</marc:subfield>
      <marc:subfield code="5">DE-101</marc:subfield>
   </marc:datafield>
   <marc:datafield ind1=" " ind2=" " tag="850">
      <marc:subfield code="a">DE-101a</marc:subfield>
      <marc:subfield code="a">DE-101b</marc:subfield>
   </marc:datafield>
   <marc:datafield ind1="r" ind2=" " tag="925">
      <marc:subfield code="a">ra</marc:subfield>
   </marc:datafield>
</marc:record>
